Страны по частичному изображению флага #2 - Statistics

General Stats
  • This quiz has been taken 330 times
  • The average score is 14 of 16
Answer Stats
Picture Answer % Correct
Бразилия
98%
Южная Корея
97%
Китай
96%
Беларусь
96%
Португалия
96%
Дания
95%
Хорватия
92%
Северная Македония
92%
Пакистан
90%
Мексика
89%
Ватикан
86%
Малайзия
81%
Австралия
79%
Кения
78%
Камбоджа
75%
Гана
66%
No matching quizzes found
Score Distribution
Percent of People with Each Score
Percentile by Number Answered
Your Score History
You have not taken this quiz